Vývoj zaměstnanosti a mezd v ČSFR v I. čtvrtletí 1990.

Úbytok počtu pracovníkov v štátnom a družstevnom sektore národného hospodárstva v I. štvrťroku 1990. Mzdový nárast podmienený zvýšením podielu výplat z fondu odmien. Zvýšenie priemernej mzdy v jednotlivých odvetviach. Nepriaznivý vývoj produktivity práce.

Salvato in:
Dettagli Bibliografici
Autore principale: Fremr, J.
Natura: Capitolo di libro
Lingua:ceco
Soggetti:
Tags: Aggiungi Tag
Nessun Tag, puoi essere il primo ad aggiungerne!!

MARC

LEADER 00000naa a2200000 4500
001 r001684
005 20220824124945.4
041 0 |a cze 
044 |a [CS] 
245 1 0 |a Vývoj zaměstnanosti a mezd v ČSFR v I. čtvrtletí 1990.  |c J. Fremr 
520 |a Úbytok počtu pracovníkov v štátnom a družstevnom sektore národného hospodárstva v I. štvrťroku 1990. Mzdový nárast podmienený zvýšením podielu výplat z fondu odmien. Zvýšenie priemernej mzdy v jednotlivých odvetviach. Nepriaznivý vývoj produktivity práce. 
610 2 0 |a zamestnanosť 
610 2 0 |a počet pracovníkov 
610 2 0 |a ČSFR 
610 2 0 |a 1990 
610 2 0 |a mzdy mesačné 
610 2 0 |a mzdy priemerné 
610 2 0 |a odmeny 
610 2 0 |a údaje štatistické 
610 2 0 |a sektor štátny 
610 2 0 |a sektor družstevný 
610 2 0 |a sektor verejný 
610 2 0 |a produktivita práce 
100 1 |a Fremr, J.